00437 2200169 4500001002100000005001500021035002000036008004100056245004100097260004000138300002500178020002200203084001400225082000800239650001000247990001000257INLIS00000000000020820231107085959 a0010-1123000208231107 0  aMelodie d' Amoure /cJesslyn Chandra aYogyakarta :bCV Andi Offset,c2012 aii + 310hlm ;c19 cm a978-979-29-3098-6 a813 CHA m a813 4aFiksi a1.707